000 00615nam a2200241Ia 4500
003 OSt
005 20220918231409.0
006 a|||||r|||| 00| 0
007 ta
008 220917b |||||||| |||| 00| 0 eng d
024 _a279,516
037 _cTextual
040 _aARTS
_cARTS
_beng
041 _2eng
_aeng
082 _aV59191.M50, M7
100 _aKyrris Costas P Ed.
_9154453
245 0 _aKanakaria documents 1666-1850
260 _c1987
300 _axxxix,272p.
_ccm.
650 _aHISTORY
942 _hV59191.M50, M7
_cTEXL
_2CC
999 _c290892
_d290892